Warisan dan budaya
| Main Author: | |
|---|---|
| Format: | Book |
| Published: |
Melaka :
Penerbitan Pelita Ilmu ,
2020
|
| Series: | Siri ensiklopedia am
|
| Subjects: |
MARC
| LEADER | 00000cam a2200000 7i4500 | ||
|---|---|---|---|
| 001 | 0000278676 | ||
| 005 | 20200921103302.0 | ||
| 020 | |a 9789670695631 | ||
| 090 | 0 | 0 | |a 039.9923 |b MAM |
| 100 | 0 | |a Mamat Che Mah | |
| 245 | 1 | 0 | |a Warisan dan budaya |c Mamat Che Mah |
| 260 | |a Melaka : |b Penerbitan Pelita Ilmu , |c 2020 | ||
| 300 | |a 84p. ; |c 26cm. | ||
| 490 | 0 | |a Siri ensiklopedia am | |
| 650 | 0 | |a Encyclopedias and dictionaries | |
| 650 | 0 | |a Encyclopedias and dictionaries, Malay | |
| 999 | |a 00384719 |b BUKU |c JUNIOR BOOKS |e PERPUSTAKAAN KOMUNITI PETALING JAYA | ||